=LDR 00000nam 2200000 4500 =001 NUTBA000000000005517 =005 20201019093400 =035 ##$$a 0010-101400000000747 =008 201019################g##########0#ind## =020 ##$$a 978-602-8871-50-1 =040 ##$$a NBPDMAT =082 ##$$a 320.17 =090 ##$$a 320.17 $b Fer s =100 1#$$a Ferri Firmansyah =245 1#$$a Seputar negara - negara berkembang /$c Ferri Firmansyah =250 ##$$a Cet. 2 =260 ##$$a Jakarta :$b Rama Edukasitama,$c 2011 =300 ##$$a vi, 111 hlm. : $b ilus. ; $c 17,5x25 cm. =500 ##$$a Bibliografi : hlm. 111 =650 #4$$a Negara sedang berkembang =084 ##$$a 320.17 FER s =990 ##$$a 21412347 =990 ##$$a 21412348 =990 ##$$a 21412349 =990 ##$$a 21412350 =990 ##$$a 21412351 =990 ##$$a 21412350 =990 ##$$a 21412347 =990 ##$$a 21412348 =990 ##$$a 21412349 =990 ##$$a 21412351